Lo Actual y lo caduco del impuesto personal /
Colección:
San Jorge,
; núm. 16 (octubre 1954), pàg 89-120
Idioma:
Español
MARC
| LEADER | 00000naa a2200000 a 4500 | ||
|---|---|---|---|
| 003 | Arxiu | ||
| 005 | 20260324181038.0 | ||
| 008 | 160829s1954 spc xx s spa c | ||
| 040 | |a AGDB | ||
| 110 | 1 | |9 54359 |a Barcelona (Catalunya : Província). |b President (1967-1973 : Muller) | |
| 245 | 1 | 0 | |a Lo Actual y lo caduco del impuesto personal / |c texto de la conferencia que, integrada en el XII Curso de Verano de la Universidad de Compostela, pronunció el día 6 de septiembre de 1954 Joaquín Buxó de Abaigar, marqués de Castell-Florite |
| 490 | |a San Jorge, |v núm. 16 (octubre 1954), pàg 89-120 | ||
| 650 | 0 | |a Impostos |9 26671 | |
| 650 | 0 | |a Conferències |9 55184 | |
| 773 | |g Núm. 16 (octubre 1954), pàg 89-120 |t San Jorge. | ||
| 901 | |a Arxiu | ||
| 942 | |n 1 |2 udc |c ART | ||
| 952 | |0 0 |1 0 |4 0 |6 REV509 |7 1 |9 65061 |a Arxiu |b Arxiu |d 2023-01-18 |l 0 |o Rev-509 |r 2023-01-18 00:00:00 |w 2023-01-18 |y ARXIU |z També disponible a Rev-523 | ||
| 999 | |c 48795 |d 48795 | ||